| 000 | 00800nam a2200217 a 4500 | ||
|---|---|---|---|
| 999 |
_c10947 _d10947 |
||
| 001 | 10947 | ||
| 003 | BD-JhCC | ||
| 005 | 20190908134017.0 | ||
| 008 | 190630s2019 bg a|||| |||| 000 0 ben d | ||
| 020 | _a9789848934210 | ||
| 035 | _a(BD-JhCC)10947 | ||
| 040 |
_aBD-JhCC _dBD-JhCC |
||
| 041 | _aben | ||
| 082 |
_a649.1 _bSAI 2019 |
||
| 100 | _aসাইফুদ্দীন, ড. কাজী | ||
| 245 |
_aসন্তান লালন-পালনে অভিভাবকের ভূমিকা / _cড. কাজী সাইফুদ্দীন |
||
| 260 |
_aঢাকা : _bআলেয়া বুক ডিপো, _c২০১৯. |
||
| 300 |
_a১৭৫ পৃ. : _bচিত্রবলী সংযোজিত, _c২০ সেমি. |
||
| 650 | _aParenting | ||
| 942 |
_2ddc _cBK _01 |
||